000 00704nam a22002297a 4500
003 DO-SdBNP
005 20241024105223.0
008 171113b1998 dr 00| 0 spa d
020 _a8493052906
040 _aBPMSU
_bspa
_cBPMSU
082 4 _a461.5
_bA325s 1998
_222
100 1 _aAlba, Orlando
245 1 4 _aLos sonidos del español /
_6Orlando Alba
260 _aSanto Domingo :
_bLibrería la Trinitaria,
_c1998.
300 _a198 p. :
_bil. ;
_c23 cm.
500 _aIncluye datos biográficos del autor en las solapas.
590 _aInventariado, 2024/VM
650 4 _aEspañol
_xFonética
650 4 _aEspañol
_xPronunciación
910 _aVMateo V. Control de calidad. BPMSU
942 _2ddc
_cBK
999 _c12880
_d12880